00637nam a2200181Ia 4500003000500000005001700005008004100022020002900063040003300092041001200125082002000137100002100157245011500178260006000293300007000353521001300423650001900436322820260128091851.0220630s9999 xx 000 0 und d a9780792271888qpaperback aDLCbEnglishcDLCd3228erda aEnglish aJ 551.4617 HOOP aHOOPER, MEREDITH 0aANTARCTIC JOURNAL: bTHE HIDDEN WORLDS OF ANTARCTICA'S ANIMALScMeredith Hooper, Lucia De Leiris (Illustrator) aWashington, D.C.:bNational Geographic Society, c 2000 a 35 pages :b illustrations (chiefly color), color maps ; c28 cm aJuvenile vJuvenile works